Statistiques concernant Les Meilleurs buteurs de le Championnat de France 2020-2021

Cliquez ici pour prendre le quiz!

Statistiques générales

  • Ce quiz a été pris 43 fois
  • Le résultat moyen est 8 sur 11

Statistiques - réponses

ButsNationalitéClubJoueur% Correct
27FranceParis Saint-Germain Kylian Mbappé
100%
20Pays-BasOlympique lyonnais Memphis Depay
93%
20FranceAS Monaco Wissam Ben Yedder
90%
14CamerounOlympique lyonnais Karl Toko-Ekambi
78%
16TurquieLOSC LilleBurak Yılmaz
76%
15AlgerieMontpellier HSC Andy Delort
68%
16AllemagneAS MonacoKevin Volland
66%
14NigeriaFC LorientTerem Moffi
61%
14SénégalStade de ReimsBoulaye Dia
54%
16FranceMontpellier HSC Gaëtan Laborde
54%
16FranceRC StrasbourgLudovic Ajorque
51%

Distribution des résultats

Percentile par nombre de réponses

% des personnes avec chaque résultat

Votre développement - résultats

Vous n’avez pas pris ce quiz